Windows server 2003 (رقم التسجيلة. 15270)

تفاصيل مارك
000 -الفاتح
حقل البيانات ثابتة الطول 00544nam a22001817a 4500
003 - محدد رقم الضبط
رقم الضبط OSt
005 - وقت وتاريخ اخر تعامل مع التسجيلة
رقم الضبط 20150408113925.0
008 - عناصر البيانات ثابتة الطول - معلومات عامة
حقل البيانات ثابتة الطول 110920t xxu||||| |||| 00| 0 eng d
020 ## - الرقم الدولى المعيارى للكتب
الرقم الدولى المعيارى للكتاب 9780072223439
040 ## - مصدر الفهرسة
وكالة الفهرسة الأصلية MU
لغة الفهرسة ENG
وكالة النسخ MB
082 ## - رقم تصنيف ديوى العشرى
رقم الطبعة 21
رقم التصنيف 005.4469
100 ## - المدخل الرئيسى - إسم شخصى
الإسم الشخصى Ruest, Danielle.
9 (RLIN) 4714
245 ## - بيان العنوان
العنوان Windows server 2003
بقية العنوان best practices for enterprise deployments
بيان المسئوليه,etc Danielle Ruest, Nelson Ruest.
260 ## - PUBLICATION, DISTRIBUTION, ETC. (IMPRINT)
مكان الناشر او الموزع LONDON
اسم الناشر او الموزع Osborne/McGraw-Hill,
تاريخ النشر أو التوزيع 2003
300 ## - الوصف المادى
التعداد xxvi, 490 p.
650 ## - المدخل الاضافى بالموضوع-مصطلح موضوعى
مصطلح موضوعي أو اسم جغرافي كعنصر مدخل Microsoft .NET Framework.
9 (RLIN) 4715
942 ## - عناصر المدخل الإضافي( كوها)
مصدر التصنيف او مخطط الترفيف Dewey Decimal Classification
Koha [default] item type كتاب
المقتنيات
حالة الفقد نموذج السعر الفعال حالة تلف ليس للاعارة رقم الطلب تاريخ الاكتساب الموقع الحالي الباركود الفرع الرئيسي Date last seen نوع المادة فى نظام كوها مصدر التصنيف او خطة الترفيف Total Checkouts
  2013-03-10     005.4469 R D W 2011-09-22 المكتبة المركزية بالمجمعة (CL) 00047875 المكتبة المركزية بالمجمعة (CL) 2013-03-10 كتاب Dewey Decimal Classification  
  2013-03-10     005.4469 R D W 2011-09-22 المكتبة المركزية بالمجمعة (CL) 00047874 المكتبة المركزية بالمجمعة (CL) 2013-03-10 كتاب Dewey Decimal Classification  
  2013-03-10     005.4469 R D W 2011-09-22 المكتبة المركزية بالمجمعة (CL) 00047873 المكتبة المركزية بالمجمعة (CL) 2013-03-10 كتاب Dewey Decimal Classification  
  2013-03-10     005.4469 R D W 2011-09-20 مكتبة كلية التمريض - طلاب (CNM) 00047871 مكتبة كلية التمريض - طلاب (CNM) 2013-03-10 كتاب Dewey Decimal Classification  
  2013-03-10     005.4469 R D W 2011-09-22 مكتبة كلية التمريض - طلاب (CNM) 00047872 مكتبة كلية التمريض - طلاب (CNM) 2013-03-10 كتاب Dewey Decimal Classification